Unrecognized states : (Record no. 15881)
[ view plain ]
| 000 -LEADER | |
|---|---|
| fixed length control field | 02197nam a2200253 a 4500 |
| 001 - CONTROL NUMBER | |
| control field | ASIN074565343X |
| 005 - DATE AND TIME OF LATEST TRANSACTION | |
| control field | 20170105102927.0 |
| 008 - FIXED-LENGTH DATA ELEMENTS--GENERAL INFORMATION | |
| fixed length control field | 131212s2011 xxu eng d |
| 020 ## - INTERNATIONAL STANDARD BOOK NUMBER | |
| International Standard Book Number | 074565343X (paperback) |
| Terms of availability | $24.95 |
| 020 ## - INTERNATIONAL STANDARD BOOK NUMBER | |
| International Standard Book Number | 9780745653433 (paperback) |
| 040 ## - CATALOGING SOURCE | |
| Original cataloging agency | 0 |
| 050 04 - LIBRARY OF CONGRESS CALL NUMBER | |
| Classification number | KZ4041 |
| 082 04 - DEWEY DECIMAL CLASSIFICATION NUMBER | |
| Classification number | 341.26 |
| Author Mark | CAS 2012 |
| 100 1# - MAIN ENTRY--PERSONAL NAME | |
| Personal name | Caspersen, Nina. |
| 245 10 - TITLE STATEMENT | |
| Title | Unrecognized states : |
| Remainder of title | the struggle for sovereignty in the modern international system / |
| Statement of responsibility, etc. | Nina Caspersen. |
| 250 ## - EDITION STATEMENT | |
| Edition statement | 1st ed. |
| 260 ## - PUBLICATION, DISTRIBUTION, ETC. | |
| Place of publication, distribution, etc. | [S.l.] : |
| Name of publisher, distributor, etc. | Polity, |
| Date of publication, distribution, etc. | 2011. |
| 300 ## - PHYSICAL DESCRIPTION | |
| Extent | 224 p. ; |
| Dimensions | 23 cm. |
| 520 ## - SUMMARY, ETC. | |
| Summary, etc. | Unrecognized states are places that do not exist in international politics; they are state-like entities that have achieved de facto independence, but have failed to gain widespread international recognition. Since the Cold-War, unrecognized states have been involved in conflicts over sovereign statehood in the Balkans, the former Soviet Union, South Asia, the Horn of Africa, and the South Pacific; some of which elicited major international crises and intervention, including the use of armed force. Yet they remain subject to many myths and simplifications. Drawing on a number of contemporary and historical cases, from Nagorno Karabakh and Somaliland to Taiwan, this timely new book provides a comprehensive analysis of unrecognized states. It examines their origins, the factors that enable them to survive and explores their likely future trajectories. But it is not just a book about unrecognized states; it is a book about sovereignty and statehood; one which does not shy way from addressing crucial issues such as how these anomalies survive in a system of sovereign states and how the context of non-recognition affects their attempts to build effective state-like entities. Ideal for students and scholars of global politics, peace and conflict studies, Unrecognized States offers a much needed and engaging account of the development of unrecognized states in the modern international system. |
| 650 #0 - SUBJECT ADDED ENTRY--TOPICAL TERM | |
| Topical term or geographic name entry element | Recognition (International law) |
| 650 #0 - SUBJECT ADDED ENTRY--TOPICAL TERM | |
| Topical term or geographic name entry element | Sovereignty |
| 856 40 - ELECTRONIC LOCATION AND ACCESS | |
| Materials specified | Amazon.com |
| Uniform Resource Identifier | <a href="http://www.amazon.com/exec/obidos/ASIN/074565343X/chopaconline-20">http://www.amazon.com/exec/obidos/ASIN/074565343X/chopaconline-20</a> |
| 942 ## - ADDED ENTRY ELEMENTS (KOHA) | |
| Source of classification or shelving scheme | |
| Koha item type | Book |
| Withdrawn status | Lost status | Damaged status | Not for loan | Collection code | Permanent Location | Current Location | Shelving location | Date acquired | Total Checkouts | Full call number | Barcode | Date last seen | Price effective from | Koha item type |
|---|---|---|---|---|---|---|---|---|---|---|---|---|---|---|
| Centre for International Peace & Stability (CIPS) | Centre for International Peace & Stability (CIPS) | General Stacks | 10/01/2013 | 341.26 CAS 2012 | CIPS0001657 | 12/12/2013 | 12/12/2013 | Book |
